Statistics for Fly from one Capital City to another without losing any 'Time'

Click here to take the quiz!

General Stats

  • This quiz has been taken 23 times
  • The average score is 26 of 40

Answer Stats

Capital City% Correct
Tokyo
85%
Ottawa
85%
Washington
85%
Moscow
80%
Beijing
75%
Helsinki
70%
Oslo
70%
Stockholm
65%
Seoul
65%
Reykjavik
65%
Riga
60%
Tallinn
55%
Ulaanbaatar
55%
Vilnius
55%
Pyongyang
50%
Astana
50%

Score Distribution

Percentile by Number Answered

Percent of People with Each Score

Your Score History

You have not taken this quiz